Movie Pictures Starting with I - Statistics

General Stats
  • This quiz has been taken 106 times
  • The average score is 11 of 28
Answer Stats
Picture Answer % Correct
It
97%
Indiana Jones
83%
Interstellar
70%
Iron Man
67%
Inception
62%
I Robot
61%
Inglourious Basterds
58%
I Tonya
56%
I Am Legend
55%
The Intern
54%
Independence Day
45%
Interview With The Vampire
44%
It's a Wonderful Life
37%
Into The Woods
34%
Insurgent
30%
Isle of Dogs
27%
I Know What You Did Last Summer
22%
Insomnia
22%
If
19%
Invasion of the Body Snatchers
19%
The Internship
19%
Instant Family
18%
The Invisible Man
17%
The Italian Job
13%
Inside Man
10%
In The Tall Grass
7%
Its Whats Inside
4%
Immaculate
3%
No matching quizzes found
Score Distribution
Percent of People with Each Score
Percentile by Number Answered
Your Score History
You have not taken this quiz